000 00867nam a2200241 a 4500
003 OSt
005 20210818181734.0
008 010914s2001 sp a gr 0001jdspa d
020 _a8489804419
040 _bspa
041 1 _aspa
_heng
082 0 4 _a822.33
_bJ42s
100 1 _aJay, Roni.
245 1 0 _aShakespeare
_bguía para jóvenes
_cRoni Jay ; traducido del inglés por Pepa Linares.
260 _aSalamanca
_bLóguez Ediciones
_c2001
300 _a98 páginas
_bilustraciones
_c21 cm.
490 _aLos hechos... los conceptos... las ideas
534 _pTítulo original.
_tShakespeare. A beginner's guide.
600 1 6 _aShakespeare, William,
_d1564-1616
_x Crítica e interpretación.
650 _aTeatro inglés
_x Historia y crítica.
700 1 _aLinares, Pepa,
_etraductora
942 _2ddc
_h822.33 J42s
_k822.33
_mJ42s
999 _c12213
_d12213